Pattern classification

Đã lưu trong:
Sonraí Bibleagrafaíochta
Príomhúdar:  Duda, Richard O
Formáid: Sách
Teanga:Undetermined
Foilsithe:  John Wiley & Sons  2001
Ábhair:
Clibeanna: Cuir Clib Leis
Gan Chlibeanna, Bí ar an gcéad duine leis an taifead seo a chlibeáil!
Thư viện lưu trữ: Trung tâm Thư viện - Trường Đại học Công nghiệp TP. Hồ Chí Minh
LEADER 00489nam a2200157Ia 4500
001 UIH_04273
008 231011s9999 xx 000 0 und d
082 |a  006.4 
100 |a  Duda, Richard O 
245 0 |a  Pattern classification 
245 0 |c  Duda, Richard O 
260 |b  John Wiley & Sons 
260 |c  2001 
650 |a  Hệ thống nhận dạng mẫu;  
927 |a Sách 
980 |a Trung tâm Thư viện - Trường Đại học Công nghiệp TP. Hồ Chí Minh